书目信息 |
| 题名: |
语文
|
|
| 作者: | 温儒敏 总主编 ;陈先云 , 冯颖 主编 | |
| 分册: | 下册 六年级 | |
| 出版信息: | 北京 人民教育出版社 2019 |
|
| 页数: | 119页 | |
| 开本: | 26cm | |
| 丛书名: | ||
| 单 册: | ||
| 中图分类: | G634.301 , G624.201 , G624.2 | |
| 科图分类: | ||
| 主题词: | 中学语文课--Zhong Xue Yu Wen Ke--初中--教材 , 小学语文课--Xiao Xue Yu Wen Ke--教材 | |
| 电子资源: | ||
| ISBN: | 978-7-107-34191-5 | |
| 000 | 00975nam0 2200313 450 | |
| 001 | 538606 | |
| 005 | 20241119175729.60 | |
| 010 | @a978-7-107-34191-5@dCNY7.80 | |
| 100 | @a20241025d2019 cemy0chiy50 ea | |
| 101 | 0 | @achi |
| 102 | @aCN@b110000 | |
| 105 | @aa z 000yy | |
| 106 | @ar | |
| 200 | 1 | @a语文@AYu Wen@i六年级@h下册@f温儒敏总主编 |
| 210 | @a北京@c人民教育出版社@d2019@h2024重印 | |
| 215 | @a119页@c彩图@d26cm | |
| 300 | @a义务教育教科书 | |
| 304 | @a教育部组织编写 | |
| 314 | @a版权页题:陈先云[等]主编;冯颖[等]编写 | |
| 606 | 0 | @a中学语文课@AZhong Xue Yu Wen Ke@x初中@j教材 |
| 606 | 0 | @a小学语文课@AXiao Xue Yu Wen Ke@j教材 |
| 690 | @aG634.301@v5 | |
| 690 | @aG624.201@v5 | |
| 690 | @aG624.2@v4 | |
| 701 | 0 | @a温儒敏@AWen Ru Min@f(1946.2~)@4总主编 |
| 702 | 0 | @a陈先云@AChen Xian Yun@c(小学语文)@4主编 |
| 702 | 0 | @a冯颖@AFeng Ying@4编写 |
| 801 | 0 | @aCN@bAHXH@c20241025 |
| 905 | @b214150791@b214150782@b214150773@dG624.2@e2945:6(2)@f3 | |
| 语文.六年级.下册/温儒敏总主编.-北京:人民教育出版社,2019(2024重印) |
| 119页:彩图;26cm |
| 义务教育教科书 |
| ISBN 978-7-107-34191-5:CNY7.80 |
| ● |
| 相关链接 |
|
|
|
|
正题名:语文
索取号:G624.2/2945:6(2)
 
预约/预借
| 序号 | 登录号 | 条形码 | 馆藏地/架位号 | 状态 | 备注 |
| 1 | 1415077 | 214150773 | 教育系资料室/ [索取号:G624.2/2945:6(2)] | 在馆 | |
| 2 | 1415078 | 214150782 | 教育系资料室/ [索取号:G624.2/2945:6(2)] | 在馆 | |
| 3 | 1415079 | 214150791 | 教育系资料室/ [索取号:G624.2/2945:6(2)] | 在馆 |